云南省县级行政区划 - Statistics

General Stats
  • This quiz has been taken 17 times
  • The average score is 73 of 129
Answer Stats
城市 区县 % Correct
昆明市 安宁市
90%
昆明市 寻甸回族彝族自治县
90%
德宏傣族景颇族自治州 芒市
90%
怒江傈僳族自治州 泸水市
90%
迪庆藏族自治州 香格里拉市
90%
西双版纳傣族自治州 景洪市
90%
昆明市 呈贡区
80%
昆明市 盘龙区
80%
昆明市 官渡区
80%
昆明市 石林彝族自治县
80%
曲靖市 宣威市
80%
保山市 腾冲市
80%
丽江市 古城区
80%
丽江市 玉龙纳西族自治县
80%
临沧市 云县
80%
大理白族自治州 大理市
80%
楚雄彝族自治州 楚雄市
80%
楚雄彝族自治州 元谋县
80%
红河哈尼族彝族自治州 红河县
80%
文山壮族苗族自治州 文山市
80%
西双版纳傣族自治州 勐海县
80%
西双版纳傣族自治州 勐腊县
80%
昆明市 五华区
70%
昆明市 西山区
70%
昆明市 晋宁区
70%
昆明市 东川区
70%
昆明市 宜良县
70%
玉溪市 澄江市
70%
玉溪市 通海县
70%
昭通市 昭阳区
70%
昭通市 鲁甸县
70%
普洱市 思茅区
70%
普洱市 澜沧拉祜族自治县
70%
德宏傣族景颇族自治州 瑞丽市
70%
红河哈尼族彝族自治州 蒙自市
70%
红河哈尼族彝族自治州 个旧市
70%
曲靖市 罗平县
60%
玉溪市 元江哈尼族彝族傣族自治县
60%
昭通市 巧家县
60%
昭通市 盐津县
60%
昭通市 彝良县
60%
丽江市 华坪县
60%
丽江市 宁蒗彝族自治县
60%
普洱市 宁洱哈尼族彝族自治县
60%
普洱市 墨江哈尼族自治县
60%
临沧市 双江拉祜族佤族布朗族傣族自治县
60%
临沧市 耿马傣族佤族自治县
60%
临沧市 沧源佤族自治县
60%
怒江傈僳族自治州 贡山独龙族怒族自治县
60%
怒江傈僳族自治州 兰坪白族普米族自治县
60%
大理白族自治州 漾濞彝族自治县
60%
楚雄彝族自治州 武定县
60%
红河哈尼族彝族自治州 开远市
60%
红河哈尼族彝族自治州 建水县
60%
红河哈尼族彝族自治州 绿春县
60%
红河哈尼族彝族自治州 河口瑶族自治县
60%
文山壮族苗族自治州 丘北县
60%
文山壮族苗族自治州 广南县
60%
昆明市 嵩明县
50%
昆明市 禄劝彝族苗族自治县
50%
曲靖市 麒麟区
50%
曲靖市 富源县
50%
曲靖市 陆良县
50%
曲靖市 会泽县
50%
玉溪市 红塔区
50%
玉溪市 江川区
50%
玉溪市 易门县
50%
玉溪市 新平彝族傣族自治县
50%
昭通市 大关县
50%
昭通市 绥江县
50%
昭通市 镇雄县
50%
昭通市 威信县
50%
保山市 施甸县
50%
保山市 龙陵县
50%
丽江市 永胜县
50%
普洱市 景东彝族自治县
50%
普洱市 西盟佤族自治县
50%
临沧市 临翔区
50%
怒江傈僳族自治州 福贡县
50%
迪庆藏族自治州 德钦县
50%
迪庆藏族自治州 维西傈僳族自治县
50%
大理白族自治州 宾川县
50%
大理白族自治州 永平县
50%
大理白族自治州 云龙县
50%
大理白族自治州 洱源县
50%
大理白族自治州 鹤庆县
50%
楚雄彝族自治州 禄丰市
50%
楚雄彝族自治州 南华县
50%
楚雄彝族自治州 大姚县
50%
楚雄彝族自治州 永仁县
50%
红河哈尼族彝族自治州 弥勒市
50%
红河哈尼族彝族自治州 石屏县
50%
红河哈尼族彝族自治州 泸西县
50%
红河哈尼族彝族自治州 元阳县
50%
文山壮族苗族自治州 砚山县
50%
文山壮族苗族自治州 麻栗坡县
50%
文山壮族苗族自治州 马关县
50%
文山壮族苗族自治州 富宁县
50%
昆明市 富民县
40%
曲靖市 沾益区
40%
曲靖市 马龙区
40%
曲靖市 师宗县
40%
玉溪市 峨山彝族自治县
40%
昭通市 水富市
40%
昭通市 永善县
40%
保山市 隆阳区
40%
保山市 昌宁县
40%
普洱市 景谷傣族彝族自治县
40%
普洱市 镇沅彝族哈尼族拉祜族自治县
40%
普洱市 江城哈尼族彝族自治县
40%
普洱市 孟连傣族拉祜族佤族自治县
40%
临沧市 永德县
40%
临沧市 镇康县
40%
德宏傣族景颇族自治州 梁河县
40%
德宏傣族景颇族自治州 陇川县
40%
大理白族自治州 祥云县
40%
大理白族自治州 剑川县
40%
大理白族自治州 南涧彝族自治县
40%
楚雄彝族自治州 双柏县
40%
楚雄彝族自治州 牟定县
40%
楚雄彝族自治州 姚安县
40%
红河哈尼族彝族自治州 金平苗族瑶族傣族自治县
40%
红河哈尼族彝族自治州 屏边苗族自治县
40%
文山壮族苗族自治州 西畴县
40%
临沧市 凤庆县
30%
德宏傣族景颇族自治州 盈江县
30%
大理白族自治州 弥渡县
30%
大理白族自治州 巍山彝族回族自治县
30%
玉溪市 华宁县
20%
No matching quizzes found
Score Distribution
Percent of People with Each Score
Percentile by Number Answered
Your Score History
You have not taken this quiz